000 01038nam a2200325 a 4500
001 vtls000823052
003 NLI
005 20210627055935.0
008 110331s1934 mdua 001 0 eng
039 9 _y201103312010
_zDatasoft
040 0 _aNLI
_beng
_cRetro_DSC 1
_eAACR2
041 0 _aeng
044 _amdu
082 0 4 _a616
100 1 _aCabot, Richard Clarke,
_d1868-1939
_9803943
245 1 0 _aPhysical diagnosis /
_cby Richard Clarke Cabot
250 _a11th ed.
260 _aBaltimore :
_bWilliam Wood,
_cc1934
300 _axxiv, 540 p. :
_bill. ;
_c24 cm.
500 _aFirst 11 ed. by R. C. Cabot; 12th-13th ed. by R.C. Cabot and F.D. Adams; 14th-15th ed. by F.D. Adams
500 _aIncludes index
650 0 _aDiagnosis
650 0 _aChest
_xDiseases
_xDiagnosis
_9803944
710 2 _aBarid Baran Collection (National Library, India)
_9756466
887 _a
901 _aBC394
_b21.8.1957
902 _aB.C 616 C 112
949 _AVIRTUAITEM
_D10000
_X100
_6GBC000000394ENG
942 _2ddc
_cBKS
999 _aVIRTUA40
_c672176
_d672176